000 00488nam a2200169 i 4500
001 95704
003 ES-MaACL
005 20230906181746.0
007 t|
008 050602s1977 sp ||||1| cat d
100 1 _aLlorens y Jordana, Rodolfo.
_972900
245 1 3 _aLa ben nascuda
_b: (réplica a la "La ben plantada") /
_cRodolfo Llorens y Jordana.
250 _a3ª ed.
260 _aBarcelona :
_bAriel,
_c1977.
300 _a352 p. ;
_c20 cm.
852 _aES-MaACL
_jA-8530
_bR.97407
999 _c95704
_d95704